Normal view
MARC view
- Peter Strong
Entry Personal Name
001 - CONTROL NUMBER
- control field: 103410
003 - CONTROL NUMBER IDENTIFIER
- control field: NUST
005 - DATE AND TIME OF LATEST TRANSACTION
- control field: 20221123120518.0
008 - FIXED-LENGTH DATA ELEMENTS
- fixed length control field: 221123|| aca||aabn | a|a d
040 ## - CATALOGING SOURCE
- Original cataloging agency: NUST
- Transcribing agency: NUST
100 ## - HEADING--PERSONAL NAME
- Personal name: Peter Strong
670 ## - SOURCE DATA FOUND
- Source citation: Work cat.: (NUST)181915: Peter Strong, Biophysical Measurments /, 1970
